Catalog

Record Details

Catalog Search



7. říjen Fauda : Izraelská apokalypsa  Cover Image Book Book

7. říjen Fauda : Izraelská apokalypsa / ed. Jan Dražan, Jan Pergler

Record details

  • ISBN: 978-80-88445-27-2
  • Physical Description: 365 stran
  • Edition: Vydání první
  • Publisher: Praha : Zeď, 2024
Subject: náboženský terorismus
palestinská otázka
Genre: rozhovory

Available copies

  • 1 of 1 copy available at Common Catalog SPOK.

Holds

  • 0 current holds with 1 total copy.
Show Only Available Copies
Location Call Number / Copy Notes Barcode Shelving Location Status Due Date
The Jewish community of Prague K 4002 4638304913 K - Beletrie Available -

LDR 01068nam a2200313 i 4500
00158250
003CZ-PrJAB
00520241114111723.0
008241113s2024 xr 000 0 cze d
020 . ‡a978-80-88445-27-2 ‡q(brožováno)
035 . ‡a(CZ PrSKC)9926009287006986
040 . ‡aABD003 ‡bcze ‡dABD003 ‡erda
072 7. ‡a323 ‡xVnitropolitický vývoj, politický život ‡2Konspekt ‡915
24500. ‡a7. říjen Fauda : ‡bIzraelská apokalypsa / ‡ced. Jan Dražan, Jan Pergler
2463 . ‡aSedmý říjen Fauda
24630. ‡aIzraelská apokalypsa
250 . ‡aVydání první
264 1. ‡aPraha : ‡bZeď, ‡c2024
300 . ‡a365 stran
336 . ‡atext ‡btxt ‡2rdacontent
337 . ‡abez média ‡bn ‡2rdamedia
338 . ‡asvazek ‡bnc ‡2rdacarrier
65007. ‡anáboženský terorismus ‡7ph115484 ‡2czenas
65007. ‡apalestinská otázka ‡7ph137010 ‡2czenas
655 7. ‡arozhovory ‡7fd133303 ‡2czenas
7001 . ‡aDražan, Jan, ‡d1972- ‡7mzk2006323100 ‡4edt
7001 . ‡aPergler, Jan, ‡d1969- ‡7xx0020768 ‡4edt
910 . ‡aABE461
995 . ‡aska
901 . ‡a58250 ‡bAUTOGEN ‡c58250 ‡tbiblio

Additional Resources